| 000 | 00712nam a22002055i 4500 | ||
|---|---|---|---|
| 001 | 163425 | ||
| 003 | ES-MaACL | ||
| 005 | 20250714080905.0 | ||
| 008 | 050726s1867 fr | |||||||| ||fre d | ||
| 040 |
_aCAM _bspa _cCAM |
||
| 100 | 1 |
_aReynolds, George W. M. _9131762 |
|
| 245 | 1 | 4 |
_aLes frères de la résurrection / _cpar W. Reynolds. |
| 260 |
_aParis : _bMichel Lévy Frères, _c1867 ( _eWassy : _fImp. et Stér. Mougin-Dallemagne) |
||
| 300 |
_a294 p. ; _c19 cm. |
||
| 490 | 1 | _aCollection Michel Lévy | |
| 500 | _aPrecede al tit.: Les drames de Londres. | ||
| 830 | 0 | 0 |
_aCollection Michel Lévy _9182425 |
| 852 |
_aES-MaACL _jD-875 _z-- Sin enc. _z.- Legado M. de La Fuente |
||
| 999 |
_c163425 _d163425 |
||